Psychological evaluation of the developmentally and physically disabled /

Bibliographic Details
Other Authors: Van Hasselt, Vincent B., Hersen, Michel
Format: Book
Language:English
Published: New York : Plenum Press, [1987]
Subjects:

MARC

Tag First Indicator Second Indicator Subfields
LEADER 00000cam a2200000 a 4500
001 in00000016364
005 20151007052744.0
008 870529s1987 nyua b 00100 eng d
010 |a  87015275  
020 |a 0306425149 
035 |a (OCoLC)16003894 
035 |9 AAA9051AM 
040 |a DNLM/DLC  |c DLC  |d TXA  |d UtOrBLW 
049 |a TXAM  |c [A11464670] 
050 0 0 |a RJ507.H35  |b P78 1987 
060 0 |a WS 350.6 P974 
082 0 |a 617  |2 19 
245 0 0 |a Psychological evaluation of the developmentally and physically disabled /  |c edited by Vincent B. Van Hasselt and Michel Hersen. 
264 1 |a New York :  |b Plenum Press,  |c [1987] 
264 4 |c ©1987 
300 |a xiv, 334 pages :  |b illustrations ;  |c 24 cm. 
336 |a text  |b txt  |2 rdacontent 
337 |a unmediated  |b n  |2 rdamedia 
338 |a volume  |b nc  |2 rdacarrier 
504 |a Includes bibliographies and index. 
650 0 |a Children with disabilities  |x Psychological testing. 
650 0 |a Developmentally disabled children  |x Psychological testing. 
700 1 |a Van Hasselt, Vincent B. 
700 1 |a Hersen, Michel. 
999 |a MARS 
999 f f |s 24aeae39-74bf-3a9b-8343-09e7073227b9  |i c6d3e095-dcce-3c56-b340-d07f49b570de  |t 0 
952 f f |p ric  |a Texas A&M University  |b Rellis Campus  |c Joint Library Facility  |d Remote Storage  |t 0  |e RJ507.H35 P78 1987  |h Library of Congress classification  |i unmediated -- volume  |m A14811464670 
998 f f |a RJ507.H35 P78 1987  |t 0  |l Remote Storage